Zajišťování kvality německého vysokého školství
Vysokoškolské štúdium v Nemecku. Reformy pre posilnenie medzinárodnej konkurencieschopnosti. Projekt manažmentu kvality. Medzinárodná spolupráca a upevnenie európskeho vysokoškolského priestoru. Ďalšie iniciatívy pre posilnenie kvality.
Salvato in:
| Autore principale: | |
|---|---|
| Natura: | Capitolo di libro |
| Lingua: | ceco |
| Soggetti: | |
| Tags: |
Nessun Tag, puoi essere il primo ad aggiungerne!!
|
MARC
| LEADER | 00000naa$a2200000$$$4500 | ||
|---|---|---|---|
| 001 | 0107356 | ||
| 005 | 20230919105102.1 | ||
| 041 | 0 | |a cze | |
| 044 | |a CZ | ||
| 245 | 1 | 0 | |a Zajišťování kvality německého vysokého školství |c Jana Geršlová |
| 520 | |a Vysokoškolské štúdium v Nemecku. Reformy pre posilnenie medzinárodnej konkurencieschopnosti. Projekt manažmentu kvality. Medzinárodná spolupráca a upevnenie európskeho vysokoškolského priestoru. Ďalšie iniciatívy pre posilnenie kvality. | ||
| 610 | 2 | 0 | |a vzdelávanie vysokoškolské |
| 610 | 2 | 0 | |a školy vysoké odborné |
| 610 | 2 | 0 | |a univerzity |
| 610 | 2 | 0 | |a sektor verejný |
| 610 | 2 | 0 | |a sektor súkromný |
| 610 | 2 | 0 | |a kvalita |
| 610 | 2 | 0 | |a riadenie kvality |
| 610 | 2 | 0 | |a spolupráca medzinárodná |
| 610 | 2 | 0 | |a Nemecko |
| 100 | 1 | |a Geršlová, Jana | |